| 000 | 05720cam a2200337 a 4500 | ||
|---|---|---|---|
| 999 |
_c6008 _d6008 |
||
| 001 | 15814280 | ||
| 003 | OSt | ||
| 005 | 20210430160016.0 | ||
| 008 | 090710s2010 mdua b 001 0 eng | ||
| 010 | _a 2009028543 | ||
| 016 | 7 |
_a101510313 _2DNLM |
|
| 020 | _a9780781768276 | ||
| 020 | _a0781768276 | ||
| 035 | _a(OCoLC)ocn426115374 | ||
| 040 |
_aDNLM/DLC _cDLC _dYDX _dBTCTA _dNLM _dJVD _dYDXCP _dVAM _dDLC |
||
| 082 | _aWL704 B715f 2010 | ||
| 100 |
_aEditors Fishman, Scott; Ballantyne, Jane C.; Rathmell, James P. _912644 |
||
| 245 | 0 | 0 | _aBonica's Management of Pain |
| 250 | _a4th ed. | ||
| 260 |
_aBaltimore; _bLippincott, Williams & Wilkins, _c2012. |
||
| 300 |
_axxxiii, 1661 p. : _bcol.ill ; _c29 cm. |
||
| 504 | _aIncludes bibliographical references and index. | ||
| 505 | 0 | _aIntellectual milestones in our understanding and treatment of pain -- Pain terms and taxonomies of pain -- Peripheral pain mechanisms and nociceptor sensitization -- Substrates of spinal cord nociceptive processing -- Modulation of spinal nociceptive processing -- Supraspinal mechanisms of pain and nociception -- Psychological aspects of pain -- Indivdual differences in pain: the roles of gender, ethnicity, and genetics -- Functional neuroanatomy of the nociceptive system -- Clinical trials -- Sociocultural dimensions of pain management -- Ethical issues in pain management -- Ethical issues in the care of dying patients -- Laws and policies affecting pain management -- Litigation involving pain management -- Opioid policy, availability, and access in developing and nonindustrialized countries -- Medical evaluation of the chronic pain patient -- Electrodiagnostic evaluation of acute and chronic pain syndromes -- Diagnostic imaging of pain -- Measurement of pain -- Psychological and psychosocial evaluation -- Disability evaluation in painful conditions -- Multidisciplinary assessment of patients with chronic pain -- Painful neuropathies -- Complex regional pain syndrome -- Phantom pain -- Herpes zoster and postherpetic neuralgia -- Central pain states -- The psychophysiology of pain -- Pain and learning -- Psychiatric illness, depression, anxiety, and somatoform pain syndromes -- The psychology of addiction -- The doctor-patient relationship in pain management: dealing with difficult clinician-patient interactions -- Joint pain -- Myofascial pain syndrome -- Fibromyalgia -- Pain of dermatologic disorders -- Pain due to vascular causes -- Pain due to thoracic outlet syndrome -- Pain following spinal cord injury -- Epidemiology, prevalence, and cancer pain syndromes -- Mechanisms, assessment, and diagnosis of pain due to cancer -- Cancer pain: principles of management and pharmacotherapy -- Interventional pain therapies -- Pain caused by cancer of the head and neck and oral mucositis -- | |
| 505 | 0 | _aCancer-related bone pain -- Cancer-related visceral pain -- Radiotherapy and chemotherapy in cancer pain management -- Cancer pain in children -- Acute pain management in children -- Acute pain in adults -- Regional anesthesia techniques for acute pain management -- Burn pain -- Persistent pain in children -- Pain in the older person -- Obsteric pain -- Pain and sickle cell disease -- Pain in human immunodeficiency virus disease -- The treatment of chronic pain in patients with history of substance abuse -- Compliance monitoring in chronic pain management -- Headache -- Noncardiac chest pain -- Abdominal, peritoneal, and retroperitoneal pain -- Pelvic pain in females -- Pelvic pain in males -- Cranial neuralgias -- Facial pain -- Neck and arm pain -- Chest wall pain -- Lower extremity pain -- Acute low back pain -- Chronic low back pain -- Surgery for low back pain -- Failed back surgery syndrome -- Psychological screening of spine surgery candidates -- Rational pharmacotherapy for pain -- Nonsteroidal anti-inflammatory drugs and acetaminophen -- Opioid analgesics -- Skeletal muscle relaxants and analgesic balms -- Neuropathic pain pharmacotherapy -- Anger and pain -- Cognitive-behavioral therapy for chronic pain -- Pain and anxiety and depression -- Hypnosis -- Relaxation and imagery techniques -- Group therapy for chronic pain -- Motivating pain patients for behavioral change -- Basic concepts in biomechanics and musculoskeletal rehabilitation -- Pain rehabilitation -- Assessment and treatment of chemical dependency -- Physical therapy agents -- Exercise therapy for low back pain -- Complementary and alternative medicine -- Peripheral nerve stimulation -- Spinal cord stimulation -- Motor cortex and deep brain stimulation -- Diagnostic and therapeutic nerve blocks -- Epidural steroid injections -- Intrathecal drug delivery in the management of pain -- Intradiscal therapies for low back pain -- Neurolytic blockade for noncancer pain -- Surgery of the peripheral nervous system as a treatment for pain -- The surgical management of trigeminal neuralgia -- Ablative neurosurgical procedures for chronic pain -- Interdisciplinary chronic pain management: perspectives on history, current status, and future viability -- Spine clinics -- Pain management in primary care -- Pain management at the end of life -- Training pain specialists -- Emergencies in the pain clinic -- Pain management in the emergency department -- Pain management in the intensive care unit -- The future of pain medicine: an epilogue. | |
| 650 | 0 |
_aNervous system _912472 |
|
| 650 | 0 |
_aPain _912473 |
|
| 856 | 4 | 2 |
_3Publisher description _uhttp://www.loc.gov/catdir/enhancements/fy1011/2009028543-d.html |
| 856 | 4 | 1 |
_3Table of contents only _uhttp://www.loc.gov/catdir/enhancements/fy1012/2009028543-t.html |
| 906 |
_a7 _bcbc _corignew _d1 _eecip _f20 _gy-gencatlg |
||
| 942 |
_2z _cO_SHELF |
||